MARC

LEADER 00000nam0a2200000 4500
001 56694
005 20231101211624.0
010 |a 5713311775 
035 |a (RuTPU)RU\TPU\book\59549 
090 |a 56694 
100 |a 20031006d2003 k y0rusy50 ca 
101 0 |a rus 
102 |a RU 
105 |a a z 000zy 
200 1 |a Формирование и развитие территориальной структуры высшего образования России  |f А. П. Катровский 
210 |a Москва  |c Международные отношения  |d 2003 
215 |a 208 с.  |c ил. 
606 1 |a Высшее образование  |x Россия  |2 stltpush  |3 (RuTPU)RU\TPU\subj\3994 
606 1 |a Высшее образование  |x История  |2 stltpush  |3 (RuTPU)RU\TPU\subj\3993  |9 32313 
610 1 |a образование 
610 1 |a вузы 
610 1 |a территориальные структуры 
610 1 |a формирование 
610 1 |a история 
610 1 |a 18 век 
610 1 |a 19 век 
610 1 |a 20 век 
610 1 |a кадры 
610 1 |a подготовка 
610 1 |a регионы 
686 |a Ч483(2)  |v LBC/SL-A  |2 rubbk 
686 |a Ч484(2)  |v LBC/SL-A  |2 rubbk 
700 1 |a Катровский  |b А. П.  |g Александр Петрович 
801 1 |a RU  |b 63413507  |c 20031006  |g PSBO 
801 2 |a RU  |b 63413507  |c 20130524  |g PSBO 
942 |c BK